00678cam a2200193 a 450000100100000000500170001000800410002704000300006808200160009810000430011424500460015726000540020330000350025765000240029291000280031604900090034495201140035399900170046700001825820200929165426.0740516s1932 nyua 000 0 eng d aDO-SdBNPcOTUdDLCdBNPHU annnnbD789s1 aDrouét, Bessie Clarke,d1940-93954910aStation Astral /cBessie Clarke Drouét. aNew York ;aLondon :bG. P. Putnam's Sons,c1932. axi, 290 p. :billus. ;c21 cm. 0aSpiritualism939550 aCatalogación derivada aBNGR 001050718MOaGRbGRcCTd2010-04-22iLF1l0onnnn D789sp18258-10r2020-06-25w2020-06-25y1ZNo se presta c17779d17779